| 000 | 00835nam a22002415a 4500 | ||
|---|---|---|---|
| 003 | OSt | ||
| 005 | 20170227112936.0 | ||
| 008 | 170226s2013 ua frb 000 0 ara d | ||
| 015 | _a2012 / 17517 | ||
| 020 | _a9789779001593 | ||
| 040 |
_aEG-ScBUE _bara _cEG-ScBUE |
||
| 082 | 0 | 4 |
_a341 _bع ب د _222 |
| 100 | 1 | _aعبد الهادي، حنان السيد. | |
| 245 | 1 | 2 |
_aالنظام القانوني الدولي في ظل هيمنة القطب الواحد / _cحنان السيد عبد الهادي. |
| 250 | _aط. 1. | ||
| 260 |
_aالقاهرة : _bدار النهضة العربية، _c2013. |
||
| 300 |
_a468 ص. ؛ _c24 سم. |
||
| 504 | _aيشتمل على إرجاعات ببليوجرافية. | ||
| 650 | 7 |
_aالقانون الدولي. _2BUEsh |
|
| 651 | _2BUEsh | ||
| 653 |
_bLLAAWW _cFebruary2017 |
||
| 942 | _2ddc | ||
| 999 |
_c24267 _d24239 |
||